| 000 | 00796cam a22002653a 4500 | ||
|---|---|---|---|
| 001 | 8987 | ||
| 003 | PGUSA | ||
| 005 | 20140828083207.0 | ||
| 008 | 050901s2005||||xxu|||||s|||||000 1 eng d | ||
| 040 |
_aPGUSA _beng |
||
| 042 | _adc | ||
| 050 | 4 | _aPQ | |
| 100 | 1 |
_aVerne, Jules, _d1828-1905 |
|
| 245 | 1 | 0 |
_aMichael Strogoff _h[electronic resource] / _cJules Verne |
| 260 |
_bProject Gutenberg, _c2005 |
||
| 506 | _aCopyrighted. Read the copyright notice inside this book for details. | ||
| 516 | _aElectronic text | ||
| 653 | _aHeroes -- Fiction | ||
| 653 | _aRussia -- History -- Alexander II, 1855-1881 -- Fiction | ||
| 653 | _aTatars -- Fiction | ||
| 653 | _aHistorical fiction | ||
| 830 | 0 |
_aProject Gutenberg _v8987 |
|
| 856 | 4 | 0 | _uhttp://www.gutenberg.org/ebooks/8987 |
| 942 | _cAB | ||
| 999 |
_c238271 _d238271 |
||